| 000 | 00636nam a2200229Ia 4500 | ||
|---|---|---|---|
| 999 |
_c41229 _d41229 |
||
| 001 | 7881 | ||
| 003 | GE_BSU | ||
| 005 | 20220930094111.0 | ||
| 008 | 181216s1997fe xx |||||||||||||| ||fre|| | ||
| 020 | _a9788723901750 | ||
| 040 | _cGE_BSU | ||
| 041 | _afre | ||
| 080 | _a821.133.1 H-19 | ||
| 100 |
_aHallum, Annette _914904 |
||
| 245 |
_aCHOC des Cultures / _cAnnette Hallum, |
||
| 264 |
_aParis : _bTeen Readers, _c1997. |
||
| 300 |
_a68 p: _bill; _c19 cm. |
||
| 653 | _aCHOC des Cultures | ||
| 653 | _aკულტურული შოკი | ||
| 653 | _aფრანგული ლიტერაურა | ||
| 942 |
_cBK _2udc |
||